Welcome to the Holygrace Academy Library

Please use search bar below to get started

GULMOHAR (Record no. 4868)

MARC details
000 -LEADER
fixed length control field 00429nam a22001457a 4500
020 ## - INTERNATIONAL STANDARD BOOK NUMBER
ISBN 978-81-264-2258-6
082 ## - DEWEY DECIMAL CLASSIFICATION NUMBER
Classification number 894.812.3
Item number DHA/G
100 ## - MAIN ENTRY--AUTHOR NAME
Personal name DHAMODHARAN, DHEEDHEE
245 ## - TITLE STATEMENT
Title GULMOHAR
260 ## - PUBLICATION, DISTRIBUTION, ETC. (IMPRINT)
Place of publication KOTTAYAM
Name of publisher DC BOOKS
Year of publication 2009
300 ## - PHYSICAL DESCRIPTION
Number of Pages 162
520 ## - SUMMARY, ETC.
Summary, etc It talks of compromising but taking a stand, loving with your heart and not mind, relationships being about bonds and not blood
650 ## - SUBJECT ADDED ENTRY--TOPICAL TERM
Topical Term NOVEL
942 ## - ADDED ENTRY ELEMENTS (KOHA)
Koha item type Books
Holdings
Withdrawn status Lost status Collection code Home library Current library Shelving location Date acquired Source of acquisition Cost, normal purchase price Full call number Accession Number Koha item type
    Fiction Main Library Main Library SHELF-16- I- MALAYALAM NOVELS,FICTIONS 22/04/2013 Purchase 90.00 894.812.3 DHA/G 07282 Books